| 000 | 00649nam a2200265Ia 4500 | ||
|---|---|---|---|
| 005 | 20260121164927.0 | ||
| 008 | 008 260114s9999 xx 000 0 eng d | ||
| 020 | _a9781349159659 | ||
| 037 | _aEBOOK | ||
| 040 | _aCRL | ||
| 040 | _beng | ||
| 040 | _cCRL | ||
| 041 | _2eng | ||
| 041 | _aeng | ||
| 084 | _qCRL | ||
| 100 |
_aRonald F. Atkinson _91045391 |
||
| 245 | 0 | _aKnowledge and Explanation in History | |
| 260 | _bPalgrave Macmillan | ||
| 260 | _bSpringer | ||
| 260 | _c1978 | ||
| 856 | _uhttp://link.springer.com/openurl?genre=book&isbn=978-1-349-15965-9 | ||
| 942 | _cEBOOK | ||
| 999 |
_c1611114 _d1611114 |
||